|
|
|
|
| LEADER |
00000nam0a2200000 4500 |
| 001 |
230680 |
| 005 |
20231101231024.0 |
| 035 |
|
|
|a (RuTPU)RU\TPU\book\251594
|
| 090 |
|
|
|a 230680
|
| 100 |
|
|
|a 20130124d1927 k y0rusy50 ca
|
| 101 |
0 |
|
|a rus
|
| 102 |
|
|
|a RU
|
| 105 |
|
|
|a ab z 001zy
|
| 200 |
1 |
|
|a Очерк геологического строения и полезных ископаемых Томского округа
|e [оттиск статьи]
|f М. К. Коровин
|
| 210 |
|
|
|a Томск
|c Красное знамя
|d 1927
|
| 215 |
|
|
|a С. 28-59
|c табл., 1 карта
|
| 225 |
1 |
|
|a Труды Общества изучения Томского Края
|v Вып. 1
|
| 316 |
|
|
|5 63413507: ШкА/542
|a На титульном листе дарственная надпись: "В Фундамент. Библиотеку Сиб. Технол. Ин-та. М. Коровин"
|
| 316 |
|
|
|5 63413507: КР-1288
|a С автографом автора
|
| 316 |
|
|
|5 63413507: 263//47
|a Пометы в тексте
|
| 317 |
|
|
|5 63413507: КР-408
|a Поступил в НТБ в 2004 г. в составе книжного собрания профессора ТПИ К. В. Радугина
|
| 317 |
|
|
|5 63413507: 263//47
|a Поступил в НТБ в 1945 г. в составе книжного собрания профессора ТПИ А. В. Лаврского
|
| 317 |
|
|
|5 63413507: КР-1288
|a Поступил в НТБ в составе книжного собрания профессора ТТИ Д. А. Стрельникова
|
| 320 |
|
|
|a Библиогр.: с. 58
|
| 606 |
1 |
|
|a Геология
|y Томская область
|2 stltpush
|3 (RuTPU)RU\TPU\subj\68832
|9 83953
|
| 610 |
1 |
|
|a полезные ископаемые
|
| 610 |
1 |
|
|a геологическое строение
|
| 610 |
1 |
|
|a исследования
|
| 610 |
1 |
|
|a геологическая история
|
| 610 |
1 |
|
|a Библиотека К. В. Радугина
|
| 610 |
1 |
|
|a Коллекция А. В. Лаврского
|
| 610 |
1 |
|
|a труды учёных ТПУ
|
| 610 |
1 |
|
|a дарственные надписи
|
| 610 |
1 |
|
|a дары автора
|
| 610 |
1 |
|
|a дары библиотеке
|
| 610 |
1 |
|
|a Коллекция Д. А. Стрельникова
|
| 610 |
1 |
|
|a Коллекция ТПУ
|
| 675 |
|
|
|a 55(571.16)
|v 3
|
| 700 |
|
1 |
|a Коровин
|b М. К.
|c российский геолог
|c профессор Томского технологического института
|f 1883-1956
|g Михаил Калинникович
|2 stltpush
|3 (RuTPU)RU\TPU\pers\13856
|
| 801 |
|
1 |
|a RU
|b 63413507
|c 20130124
|
| 801 |
|
2 |
|a RU
|b 63413507
|c 20211123
|g RCR
|
| 942 |
|
|
|c BK
|